International Federation of Surveyors (Record no. 119026)

MARC details
000 -LEADER
fixed length control field 00527cas a22001815a 4500
001 - CONTROL NUMBER
control field L138763
008 - FIXED-LENGTH DATA ELEMENTS--GENERAL INFORMATION
fixed length control field 070710c xxkzx p 0 a0eng u
035 ## - SYSTEM CONTROL NUMBER
System control number (Sirsi) u138763
041 0# - LANGUAGE CODE
Language code of text/sound track or separate title eng
110 2# - MAIN ENTRY--CORPORATE NAME
Corporate name or jurisdiction name as entry element Federation Internationale des Geometres
9 (RLIN) 5065
245 00 - TITLE STATEMENT
Title International Federation of Surveyors
Remainder of title Newsletter
260 ## - PUBLICATION, DISTRIBUTION, ETC.
Place of publication, distribution, etc. S.l.
Name of publisher, distributor, etc. FIG
Date of publication, distribution, etc. [1992]-
362 0# - DATES OF PUBLICATION AND/OR SEQUENTIAL DESIGNATION
Dates of publication and/or sequential designation (3) [1993]-(11) April 1995
554 ## -
-- Irregular
651 #4 - SUBJECT ADDED ENTRY--GEOGRAPHIC NAME
Geographic name International
690 ## - LOCAL SUBJECT ADDED ENTRY--TOPICAL TERM (OCLC, RLIN)
Topical term or geographic name as entry element MANAGEMENT-BUSINESS MANAGEMENT-PROFESSIONAL PRACTICE
942 ## - ADDED ENTRY ELEMENTS (KOHA)
Suppress in OPAC 0
Holdings
Withdrawn status Lost status Source of classification or shelving scheme Damaged status Not for loan Home library Current library Shelving location Date acquired Total Checkouts Full call number Barcode Date last seen Price effective from Koha item type
    Dewey Decimal Classification     London London Basement 10/07/2007   FIG NEWSLETTER 138763-1001 06/08/2019 06/08/2019 Journal